000 00550nmm a2200193Ia 4500
008 251105s9999||||xx |||||||||||||||||und||
020 _a9788494263866
041 _aspa
100 _aPala, Giaime
245 0 _aGramsci: y la sociedad intercultural
264 _a[Madrid, España] :
_bMontesinos,
_c2014
300 _a288 páginas
650 _aPolitical Science (General)
700 _aPala, Giaime
700 1 _a Firenze, Antonino
700 1 _a Mir Garcia, Jordi
856 _uhttps://public.digitaliapublishing.com/a/60064
942 _cCF
999 _c69678
_d69678